|
|
|
|
| LEADER |
01090nam a2200277 a 4500 |
| 001 |
1484914 |
| 008 |
091103s1997 ii b 001 0 eng d |
| 020 |
|
|
|a 8171009158(vol.1)
|
| 020 |
|
|
|a 8171009166(vol.2)
|
| 020 |
|
|
|a 8171009174 (set)
|
| 040 |
|
|
|a ANL
|b eng
|c ANL
|
| 082 |
0 |
4 |
|a 320.122
|2 20
|
| 245 |
1 |
0 |
|a Studies in market economy.
|p Liberalisation and global economy,
|n Volume 2 /
|c edited by Devendra Thakur.
|
| 260 |
|
|
|a New Delhi :
|b Deep & Deep Publications,
|c 1997.
|
| 300 |
|
|
|a viii, 525 pages :
|c 22 cm
|
| 362 |
0 |
|
|a Vol.2
|
| 504 |
|
|
|a Includes bibliographical references and index.
|
| 505 |
|
|
|a v. 1. Market economy and privatisation
v. 2. Liberalisation and global economy
|
| 541 |
1 |
|
|e 00008151
|
| 650 |
|
0 |
|a Capitalism.
|
| 650 |
|
0 |
|a Privatization.
|
| 700 |
1 |
|
|a Thakur, Devendra,
|d 1939-
|9 58919
|
| 852 |
4 |
|
|a Ayesha Abed Library
|j General Shelf
|
| 942 |
|
|
|2 ddc
|c BK
|
| 999 |
|
|
|c 5639
|d 5639
|
| 952 |
|
|
|0 0
|1 0
|2 ddc
|4 0
|6 320_122000000000000_STU_1997
|7 0
|9 5541
|a BRACUL
|b BRACUL
|c GEN
|d 2009-11-19
|g 0.00
|l 0
|o 320.122 STU
|p 3010008151
|r 2009-11-19
|t 1
|w 2009-11-19
|y BK
|x Set of two volumes: Rs. 1500
|